Score 0/24 Timer 02:00
1 Play Today
Hint 3-Letter Word % Correct
❦ TAXI ❦❦ CAB ❦
96.1%
AttemptTRY
94.9%
Food tinCAN
94.1%
PlaythingTOY
92.4%
Prefix for threeTRI
92%
LadBOY
92%
❦ FUNERAL VASE ❦❦ URN ❦
88.9%
Mr. Fleming, McKellan, or AndersonIAN
86.2%
2,000 lbs.TON
85.7%
❦ NEGATIVE VOTE ❦❦ NAY ❦
84.8%
Magician ___ GellerURI
81.2%
Kind of scallop, leaf, or horseBAY
79.7%
Hint 3-Letter Word % Correct
❦ I ___ WHAT YOU DID ❦❦ SAW ❦
79.6%
RoadhouseINN
76.3%
DroopSAG
74.1%
Ms. Coulter, Wilson, or LandersANN
73.3%
The ___ WoodsmanTIN
72.7%
Plant oatsSOW
71.3%
Another kind of horse?NAG
70.8%
Baron ___ BüngstetterVON
70.7%
OathVOW
69.8%
❦ WINE, TO PIERRE ❦❦ VIN ❦
69.7%
The Valiant Prince ___ARN
67.5%
❦ Middle-English word for 'over there' ❦❦ YON ❦
59.1%

Today's Daily Dose

Remove Ads.
Support Sporcle.
Get the best of Sporcle when you Go Orange. This ad-free experience offers more features, more stats, and more fun while also helping to support Sporcle. Thank you for becoming a member.

You're not logged in!

Compare scores with friends on all Sporcle quizzes.
OR
Log In

Show Comments

Extras

Top Quizzes Today


Score Distribution

Your Account Isn't Verified!

In order to create a playlist on Sporcle, you need to verify the email address you used during registration. Go to your Sporcle Settings to finish the process.

Report this User

Report this user for behavior that violates our Community Guidelines.

Details: